000
002390000a22000970004500
100
1
_a
Andino, Alexis
245
1
0
_a
Desarrollo comunitario a partir de la iglesia
300
_a
Núm 31 (1997), Páginas 1
773
0
_t
Paso a paso
942
_c
ANA
999
_c
52357
_d
52357